000 00656nam a2200253 a 4500
001 14331
003 BD-JhCC
005 20250304102523.0
008 250302b19602018e a|||| ||a| 001 0 eng d
020 _a9780241339183
035 _a(BD-JhCC)14331
040 _aBD-JhCC
_dBD-JhCC
041 _aenglish
082 _a809
_bKER 2018
100 _a Kerouac, Jack
245 _aPiers of the Homeless Night /
_c Jack Kerouac.
260 _aNew York:
_bPenguin Books;
_c2018.
300 _a64 p. :
_c16 cm.
490 _aPenguin Modern: 33
500 _aPenguin Modern: 33
650 _aLiterary History & Criticism.
942 _2ddc
_cBK
999 _c14331
_d14331